| 000 | 00620nam a2200205Ia 4500 | ||
|---|---|---|---|
| 003 | OSt | ||
| 005 | 20240420111033.0 | ||
| 008 | 210210b1978 xxu||||| |||| 00| 0 eng d | ||
| 040 | _cAL | ||
| 041 | _aKannada | ||
| 082 | _aK894.9 MASA | ||
| 100 |
_aMASTHI VENKATESHA IYYENGAR. _dವೆಂಕಟೇಶ ಅಯ್ಯಂಗಾರ್ ಮಾಸ್ತಿ. _9161697 |
||
| 245 |
_aAdikavi valmiki. _bಆದಿಕವಿ ವಾಲ್ಮೀಕಿ |
||
| 260 |
_aBengaluru _bJivana Karyalaya _c1978 |
||
| 300 | _a227,v | ||
| 650 |
_aValmiki _9161698 |
||
| 690 |
_aKannada Criticism _9161699 |
||
| 906 | _aSG01192 | ||
| 942 |
_2ddc _cBK |
||
| 999 |
_c112646 _d112646 |
||